British Birds by Picture - Swallows and Martins - Statistics

General Stats
  • This quiz has been taken 6 times
  • The average score is 7 of 9
Answer Stats
Picture Hint Answer % Correct
Hirundo rustica Barn Swallow
100%
Riparia riparia Sand Martin
100%
Delichon urbicum Western House Martin
100%
Petrochelidon pyrrhonota American Cliff Swallow
75%
Ptyonoprogne rupestris Eurasian Crag Martin
75%
Cecropis rufula European Red-Rumped Swallow
75%
Progne subis Purple Martin
75%
Tachycineta bicolor Tree Swallow
50%
Cecropis daurica Eastern Red-Rumped Swallow
25%
No matching quizzes found
Score Distribution
Percent of People with Each Score
Percentile by Number Answered
Your Score History
You have not taken this quiz